000 00298nam a22001337a 4500
008 181012b xxu||||| |||| 00| 0 eng d
020 _a9780071478984
041 _aeng
080 _29th
_a610
100 _a4
101 _aSHM
245 _aDiagnostic Examination
_cLeBlond,R.F
942 _2udc
_cBK
999 _c49552
_d49552